Usos del Tiempo libre /

Wedi'i Gadw mewn:
Manylion Llyfryddiaeth
Prif Awdur: Medina Cano, Federico
Fformat: Texto
Pynciau:
Tagiau: Ychwanegu Tag
Dim Tagiau, Byddwch y cyntaf i dagio'r cofnod hwn!

MARC

LEADER 00000 a a2200000 04500
001 3681
003
040
100 |a Medina Cano, Federico  
245 |a Usos del Tiempo libre /  |c Federico Medina Cano 
650 |a OCIO  
650 |a DISTRIBUCION DEL TIEMPO  
650 |a CAMBIO CULTURAL  
773 |g número 23; páginas 82-88  
999 |c 32936  |d 32936